| 000 | 00420nam a2200181Ia 4500 | ||
|---|---|---|---|
| 008 | 170918s9999 xx 000 0 und d | ||
| 020 | _a440221471 | ||
| 050 | _bG869ru 1996 | ||
| 100 | _aGrisham, John | ||
| 245 | 4 | _aThe runaway jury / | |
| 245 | _cby John Grisham. | ||
| 260 | _aCanada : | ||
| 260 | _bIsland Books, | ||
| 260 | _c1996 | ||
| 300 | _a550 pages : | ||
| 300 | _billustrations ; | ||
| 300 | _c17cm. | ||
| 999 |
_c343421 _d343421 |
||